Find the Simpsons Characters Quiz Stats

Quiz Updated Feb 21, 2016

Challenge
Share
Tweet
Score 0/18 Timer 02:00
11 Plays Today
% Correct
Homer Simpson
97.4%
Marge Simpson
97.1%
Selma Bouvier
96.5%
Bart Simpson
96.5%
Chief Wiggum
96.4%
Krusty
96.1%
Mr. Burns
95.8%
Apu
95.7%
Abe Simpson
95.1%
% Correct
Sideshow Bob
95.1%
Moe Szyslak
94.9%
Ned Flanders
94.7%
Maggie Simpson
94.5%
Milhouse Van Houten
94.3%
Lisa Simpson
91.8%
Waylon Smithers
91.8%
Snowball II
91.5%
Ralph Wiggum
90.7%

You're not logged in!

Compare scores with friends on all Sporcle quizzes.
Join for Free
OR
Log In

You Might Also Like...

Show Comments

Extras

Top Quizzes Today


Score Distribution

Your Account Isn't Verified!

In order to create a playlist on Sporcle, you need to verify the email address you used during registration. Go to your Sporcle Settings to finish the process.

Report this User

Report this user for behavior that violates our Community Guidelines.

Details: